000 00400nam a2200121Ia 4500
008 220204s9999 xx 000 0 und d
082 _aNR:62:54-4
_bTOX
245 0 _aToxicity and safe handling of rubber chemicals : BRMA codes of practice
250 _aEd.4
260 _aBirmingham
_bBritish Rubber Manufacture's Association &RAPRA Technology
_c1999
490 _aRAPRA Technology 1999
942 _cREF
999 _c43914
_d43914